Dubaj - quiz wielokrotnego wyboru - Statystyki

Ogólne statystyki
  • Ten quiz został rozwiązany 918 razy
  • Średni wynik to 7 z 10
Statystyki odpowiedzi
Zagadnienie Odpowiedź % Poprawnych
Co z poniższych posiada Dubaj? Najwyższy budynek na świecie
97%
Nad jakim zbiornikiem wodnym położony jest Dubaj? Zatoką Perską
86%
Dubajska policja jest znana z ... Jeżdżenia sportowymi samochodami
83%
Jaki procent ludzi mieszkających w Dubaju urodziło się w innym państwie? 85%
75%
Jaki tytuł posiada lider Dubaju? Szejk
73%
Co niegdyś było najważniejszym przemysłem w Dubaju, ale dziś stanowi mniej niż 1% PKB? Wydobycie ropy naftowej
69%
Który z poniższych obrazków przedstawia Burdż al-Arab, jedyny 7-gwiazdkowy hotel na świecie?
66%
Dubaj ma grupę sztucznych wysp w kształcie palmy, a także inną grupę w kształcie ... Świata
51%
Przed XX wiekiem Dubaj był znany z ... Nurkowania z perłami
49%
Jaka niebezpieczne praca niegdyś była wykonywana przez dzieci dopóki nie zostały one zastąpione przez roboty na początku XXI wieku? Jeździec wyścigów wielbłądów
24%
Nie znaleziono quizów pasujących do podanych kryteriów
Rozkład punktacji
Procent ludzi z każdym wynikiem
Percentyl według liczby udzielonych odpowiedzi
Twoja historia wyników
Nie rozwiązałeś tego quizu